La nariz invisible y otros misterios
Збережено в:
| Автор: | |
|---|---|
| Формат: | Урядовий документ Книга |
| Мова: | Spanish |
| Опубліковано: |
Madrid, España
Ediciones Torremozas
2000
|
| Серія: | Ellas también cuentan
|
| Предмети: | |
| Теги: |
Додати тег
Немає тегів, Будьте першим, хто поставить тег для цього запису!
|
MARC
| LEADER | 00000nam a22000007a 4500 | ||
|---|---|---|---|
| 008 | 131202b2000 pn ||||g |||| 00| 1 spa d | ||
| 020 | |a 8478392386 | ||
| 040 | |a cru CIICLA Universidad de Costa Rica | ||
| 086 | |a P863.4 B862n | ||
| 100 | |9 63 |a Britton, Rosa María |d 1936- | ||
| 245 | 1 | 3 | |a La nariz invisible y otros misterios |c Rosa María Britton |
| 260 | |a Madrid, España |b Ediciones Torremozas |c 2000 | ||
| 300 | |a 114 páginas | ||
| 490 | 0 | |a Ellas también cuentan | |
| 505 | |t La maldad del tiempo | ||
| 505 | |t Made in Japan | ||
| 505 | |t Haute Couture | ||
| 505 | |t El ritual de los arcángeles | ||
| 505 | |t Turbinella siniestra | ||
| 505 | |t Una cita con Calinda | ||
| 505 | |t Hechizo de amor | ||
| 650 | |9 52 |a LITERATURA PANAMEÑA |v CUENTOS | ||
| 942 | |2 ddc |c BK | ||
| 999 | |c 2644 |d 2644 | ||



